La Iglesia frente a la doctrina de la seguridad nacional en América Latina /

Gespeichert in:
Bibliographische Detailangaben
1. Verfasser: Viera-Gallo, José Antonio
Format: Text
Tags: Tag hinzufügen
Keine Tags, Fügen Sie den ersten Tag hinzu!

MARC

LEADER 00000 a a2200000 04500
001 10948
003
040
100 |a Viera-Gallo, José Antonio  
245 |a La Iglesia frente a la doctrina de la seguridad nacional en América Latina /  |c José Antonio Viera-Gallo 
773 |g número 36; páginas 24-34  
999 |c 28674  |d 28674